[Event "KAZ-ch 2018"]
[Site "Almaty"]
[Date "2018.04.29"]
[Round "10"]
[White "Igambergenov, Alibek"]
[Black "Nogerbek, Kazybek"]
[Result "1/2-1/2"]
[WhiteElo "2296"]
[BlackElo "2323"]
[Annotator "TA"]
[PlyCount "94"]
[EventDate "2018.??.??"]
[EventType "tourn"]
[EventCountry "KAZ"]
[SourceTitle "playchess.com"]
[Source "ChessBase"]
[SourceQuality "1"]

{[%evp 16,94,75,64,64,16,35,-8,25,8,33,-4,0,0,0,0,0,0,0,0,39,44,68,64,67,69,59,66,77,32,26,43,70,35,95,99,107,35,41,0,86,74,72,71,72,79,78,42,110,100,80,24,34,34,29,29,44,0,0,0,0,0,0,-15,0,-34,-34,-41,-33,-39,-8,-37,-8,-8,-8,-8,-8,-8,0,0,0]} 1. d4 Nf6 2. c4 e6 3. Nf3 Bb4+ 4. Nbd2 O-O 5. a3 Be7 6. e4 d6 {E11: Bogo-Indian} 7. Bd3 (7. Be2 c5 8. d5 e5 9. Qc2 Nbd7 10. Nf1 a6 11. Bd2 Nh5 12. g3 g6 13. Ne3 Ng7 14. Bd3 {½-½ (35) Ding,L (2774)-Carlsen,M (2837) Saint Louis 2017}) 7... c5 8. d5 e5 9. h3 {LiveBook: 3 Games} Nbd7 10. g4 a6 $146 ({Predecessor:} 10... Ne8 11. Nf1 g6 12. Ng3 Ng7 13. Bh6 Nf6 14. Qc2 {½-½ (35) Sokolov,I (2603)-Stillger,B (2322) Netherlands 2018}) 11. a4 Rb8 12. Nf1 b5 13. g5 Ne8 14. cxb5 axb5 15. Bxb5 Nc7 16. Bd3 Ba6 17. b3 Rb4 18. Ng3 Bxd3 19. Qxd3 g6 20. Bd2 c4 21. bxc4 Nc5 22. Qc2 Rb2 23. Qd1 $1 f5 24. gxf6 Rxf6 {[#] And now ...Nd3+ would win.} 25. Ra3 $1 Qc8 {[#]} 26. Bc3 (26. Nh2 $1 $16) 26... Rb8 $14 27. Bd2 Qa6 (27... Rb2 $11) 28. O-O $16 Qxc4 29. Qc1 Qxc1 30. Rxc1 N7a6 31. Kg2 Rff8 (31... Nb3 $14) 32. Be3 Rb4 33. Nd2 ({Better is} 33. a5 $16) 33... Nxa4 34. Rc4 Rxc4 $1 35. Nxc4 N6c5 36. Bxc5 (36. Nf1 {seems wilder.} Rb8 37. Nfd2 Rb4 38. Na5 Bf8 39. Nc6) 36... Nxc5 37. Ra7 Rf7 38. f3 Nd3 39. Nd2 h5 40. Rb7 Kf8 41. Rb8+ Kg7 42. Rb7 Kg8 43. Ra7 (43. Ne2 {is more complex.} Ne1+ 44. Kh1 Kf8 45. Rb8+ Kg7 46. Rb7) 43... Bh4 44. Rxf7 {The position is equal.} Kxf7 45. Ne2 Ke7 46. Kf1 Kd7 47. Nc4 Be7 {Precision: White = 41%, Black = 35%.} 1/2-1/2

[Event "KAZ-ch 2018"]
[Site "Almaty"]
[Date "2018.04.29"]
[Round "10"]
[White "Zhalmakhanov, Ramazan"]
[Black "Suleymenov, Alisher"]
[Result "1/2-1/2"]
[WhiteElo "2271"]
[BlackElo "2351"]
[Annotator "RC"]
[PlyCount "52"]
[EventDate "2018.??.??"]
[EventType "tourn"]
[EventCountry "KAZ"]
[SourceTitle "playchess.com"]
[Source "ChessBase"]
[SourceQuality "1"]
[TimeControl "40/5400+30:1800+30"]

1. e4 {[%emt 0:00:00]} c5 {[%emt 0:00:06]} 2. Nf3 {[%emt 0:01:57]} Nc6 {[%emt 0:00:42]} 3. c3 {[%emt 0:01:03]} e6 {[%emt 0:13:28]} 4. Bb5 {[%emt 0:05:02]} Nge7 {[%emt 0:16:43]} 5. O-O {[%emt 0:00:25]} a6 {[%emt 0:00:52]} 6. Ba4 {[%emt 0:00:31]} b5 {[%emt 0:04:58]} 7. Bc2 {[%emt 0:01:51]} Bb7 {[%emt 0:12:52]} 8. d4 {[%emt 0:19:21]} cxd4 {[%emt 0:00:05]} 9. Nxd4 {[%emt 0:00:55]} g6 {[%emt 0:08:00]} 10. Nxc6 {[%emt 0:19:35]} Nxc6 {[%emt 0:02:30]} 11. Bf4 {[%emt 0:00:32]} Be7 {[%emt 0:07:17]} 12. Nd2 {[%emt 0:08:54]} O-O {[%emt 0:00:14]} 13. Nf3 {[%emt 0:00:05]} Rc8 {[%emt 0:04:31]} 14. a4 {[%emt 0:03:50]} b4 {[%emt 0:01:41]} 15. c4 {[%emt 0:00:53]} Na5 {[%emt 0:09:20]} 16. b3 {[%emt 0:00:15]} d5 {[%emt 0:00:03]} 17. cxd5 {[%emt 0:00:08]} exd5 {[%emt 0:00:04]} 18. e5 {[%emt 0:00:07]} d4 {[%emt 0:00:42]} 19. Nxd4 {[%emt 0:15:03]} Qd5 {[%emt 0:00:34]} 20. Nf3 {[%emt 0:00:06]} Rfd8 {[%emt 0:03:36]} 21. Qb1 {[%emt 0:05:14]} Qc5 {[%emt 0:03:49]} 22. Ra2 {[%emt 0:02:08]} Qc3 {[%emt 0:03:56]} 23. Bd1 {[%emt 0:01:50]} Qd3 {[%emt 0:01:58]} 24. Bc2 {[%emt 0:00:57]} Qc3 {[%emt 0:02:26]} 25. Bd1 {[%emt 0:00:05]} Qd3 {[%emt 0:00:55]} 26. Bc2 {[%emt 0:00:02]} Qc3 {[%emt 0:00:18]} 1/2-1/2

[Event "KAZ-ch 2018"]
[Site "Almaty"]
[Date "2018.04.30"]
[Round "11"]
[White "Kazhgaleyev, Murtas"]
[Black "Kostenko, Petr"]
[Result "1-0"]
[WhiteElo "2577"]
[BlackElo "2435"]
[Annotator "TA"]
[PlyCount "65"]
[EventDate "2018.??.??"]
[EventType "tourn"]
[EventCountry "KAZ"]
[SourceTitle "playchess.com"]
[Source "ChessBase"]
[SourceQuality "1"]

{[%evp 9,65,23,23,23,16,18,35,35,39,35,31,31,30,27,26,33,28,30,68,47,65,0,0,0,0,0,0,0,37,33,77,70,72,50,56,58,100,94,111,127,140,128,130,114,159,126,148,152,477,488,469,466,1337,1325,29985,1250,2308,1162]} 1. d4 e6 2. c4 Nf6 3. Nf3 d5 4. Nc3 a6 5. cxd5 exd5 6. Bg5 {D37: Queen's Gambit Declined: 5 Bf4} Be6 7. e3 Nbd7 8. Bd3 {White is slightly better.} Bd6 (8... h6 9. Bh4 g5 10. Bg3 Nh5 11. Be5 Nhf6 12. Bg3 Nh5 13. Nd2 Nxg3 14. hxg3 {1-0 (46) Karjakin,S (2753)-Caruana,F (2811) Wijk aan Zee 2018}) 9. O-O c6 10. Bf4 Qc7 11. Bxd6 Qxd6 12. h3 h6 13. Qc2 {[#]} g5 $146 ({Predecessor:} 13... O-O 14. a3 Rfe8 15. Rfe1 Re7 16. b4 {½-½ (16) Flumbort,A (2435)-Erdos,V (2622) Hungary 2018}) 14. b4 Rg8 15. e4 ({Better is} 15. a4 $14) 15... dxe4 $11 16. Nxe4 Nxe4 17. Bxe4 Nf6 18. Bf5 $36 {[%mdl 2048] White has good play.} Bd5 19. Ne5 {[%cal Bf3e5,Be5d3,Bd3c5][%mdl 32]} Rd8 20. a3 Kf8 21. Rad1 Rg7 22. Rfe1 Ng8 23. Nd3 f6 24. Nc5 Re7 {[#]} 25. Rxe7 $1 Qxe7 26. Qc3 {aiming for Re1.} Re8 {[#]} 27. Bd7 $1 {[%cal Rd7e8]} Qe2 28. Rc1 Rd8 $2 (28... Re7 $16 {is tougher.} 29. Bc8 b5) 29. Re1 $18 Qc4 30. Qg3 Qxd4 (30... Rxd7 $142 31. Nxd7+ Kg7) 31. Qc7 {Threatening mate with Be6.} Ra8 32. Qxb7 (32. Be6 $142 Ne7 33. Bxd5 Qxc5 34. bxc5 Nxd5 35. Qxb7 Re8 36. Rxe8+ Kxe8 37. Qxc6+ Kf7 38. Qxd5+ Kg7 39. c6) 32... Rd8 33. Qb6 {Precision: White = 80%, Black = 21%.} 1-0

[Event "KAZ-ch 2018"]
[Site "Almaty"]
[Date "2018.04.30"]
[Round "11"]
[White "Ismagambetov, Anuar"]
[Black "Zhalmakhanov, Ramazan"]
[Result "1-0"]
[WhiteElo "2547"]
[BlackElo "2271"]
[Annotator "TA"]
[PlyCount "107"]
[EventDate "2018.??.??"]
[EventType "tourn"]
[EventCountry "KAZ"]
[SourceTitle "playchess.com"]
[Source "ChessBase"]
[SourceQuality "1"]

{[%evp 17,107,16,20,14,50,46,47,51,50,13,13,20,84,40,46,42,86,83,76,0,25,0,85,84,84,91,128,112,96,105,97,17,15,25,19,18,26,14,18,16,16,0,0,0,0,0,0,0,0,0,0,-9,-2,-10,125,123,113,0,0,0,77,0,7,0,0,0,0,0,0,0,0,0,0,-2,0,-74,354,335,290,312,328,322,290,194,2287,2341,2272,2229,1557,1986,29998,29999]} 1. e4 c5 2. Nf3 d6 3. d4 cxd4 4. Nxd4 Nf6 5. Nc3 Bd7 6. Be2 Nc6 7. O-O g6 8. Nb3 Bg7 9. Bg5 O-O {LiveBook: 23 Games} 10. Qd2 {B70: Sicilian Dragon: 6 g3 and 6 Be2 (without a later Be3)} (10. Kh1 a6 11. f4 Rc8 {½-½ (11) Jerez Perez,A (2373)-Oratovsky,M (2499) Catalunya 2014}) 10... a5 {With the idea ...a4.} 11. a4 Be6 $146 ({Predecessor:} 11... Nb4 12. Nd4 Bc6 13. Nxc6 bxc6 14. Rad1 Qc7 15. Bf3 Rfd8 16. Rfe1 Rab8 17. Ne2 d5 {0-1 (41) Eriksson,K (2068)-Eriksson,J (2231) Stockholm 2016}) 12. Rad1 {White is slightly better.} Rc8 13. Kh1 Qb6 14. Bb5 Nb4 (14... Ne5 $11 {keeps the balance.}) 15. Be3 Qc7 16. f3 d5 17. Bf4 $1 {[%cal Rf4c7]} (17. exd5 Nfxd5 18. Nxd5 Nxd5 $11) 17... Qb6 {[#] ...dxe4 would now be nice for Black.} 18. Be3 (18. exd5 Nfxd5 19. Nxd5 Nxd5 $17) (18. e5 $1 $16 {[%cal Re5f6]} Nd7 19. Rfe1) 18... Qc7 $11 19. Bf4 ({Better is} 19. Nc5 $11) 19... Qb6 $16 {[#] Black wants to play ...dxe4.} 20. e5 $1 {[%cal Re5f6]} (20. exd5 Nfxd5 21. Nxd5 Nxd5 $15) 20... Nd7 21. Be3 Qc7 22. f4 b6 23. Nd4 Nc5 24. f5 (24. Nxe6 $16 fxe6 25. g3) 24... Bxf5 $11 25. Nxf5 gxf5 26. Rxf5 e6 $1 {[%cal Re6f5]} 27. Rg5 f6 28. exf6 Rxf6 29. Bd4 Rg6 30. Rxg6 hxg6 31. Qg5 Bxd4 32. Rxd4 Qg7 33. Rg4 Rf8 34. h4 {[%cal Bh2h4,Bh4h5,Bh5g6][%mdl 32]} (34. Qxg6 Qxg6 35. Rxg6+ Kf7 $17) 34... Kh7 35. h5 Rf5 (35... Qf6 $11 {remains equal.} 36. hxg6+ Kg7) 36. hxg6+ $16 Kg8 37. Qd8+ (37. Qh4 $16) 37... Rf8 $11 38. Qg5 (38. Qh4 $11) 38... Rf5 $16 39. Qd8+ ({White should play} 39. Qh4 $16) 39... Rf8 $132 {[%mdl 2048] Black is fighting back} 40. Be8 {Intending Bf7+ and mate.} Qe5 {[%cal Rf8f1]} 41. Kg1 {Strongly threatening Qh4.} ({But not} 41. Bf7+ $2 Kg7 $19) 41... Qe1+ 42. Kh2 {aiming for Qc7.} Qe5+ 43. g3 {Hoping for Qh4.} Qh5+ 44. Rh4 Qxg6 45. Qxb6 Qxc2+ (45... Rxe8 $11 46. Qxc5 Qxc2+ 47. Kg1 Qg6) 46. Kh3 $17 Rxe8 $2 {[%mdl 8192]} (46... Qf5+ $17 {stays on course.} 47. Rg4+ Kh8) 47. Qc7 {Rg4+ would kill now.} Qf5+ 48. Rg4+ Qxg4+ 49. Kxg4 Nbd3 50. Kh5 {Threatening mate with Kh6.} ({Resist} 50. Qxa5 Kf7 $18) 50... e5 $2 (50... Rf8 51. g4 (51. Kg6 Nd7 $14) 51... Rf7 52. Qd8+ (52. Qxa5 Nf4+ 53. Kh4 Ncd3 $18) 52... Kg7 53. Qxa5 Nd7) 51. Nxd5 $18 Re6 52. Ne7+ Kf7 53. Ng6+ Ke8 54. Qc8+ {Precision: White = 63%, Black = 60%.} 1-0

[Event "KAZ-ch 2018"]
[Site "Almaty"]
[Date "2018.04.30"]
[Round "11"]
[White "Ibrayev, Nurlan"]
[Black "Makhnev, Denis"]
[Result "0-1"]
[WhiteElo "2394"]
[BlackElo "2409"]
[Annotator "TA"]
[PlyCount "102"]
[EventDate "2018.??.??"]
[EventType "tourn"]
[EventCountry "KAZ"]
[SourceTitle "playchess.com"]
[Source "ChessBase"]
[SourceQuality "1"]

{[%evp 13,102,7,31,19,30,27,29,22,25,24,26,10,22,6,12,13,37,27,25,20,64,9,12,15,16,0,12,0,0,6,12,-15,-3,-10,0,-33,18,-40,8,0,0,0,0,-6,7,0,19,15,26,9,19,0,0,-203,-178,-196,-91,-86,-84,-84,-23,-91,-45,-54,-51,-58,-39,-48,-25,-180,-197,-206,-204,-209,-185,-219,-222,-233,-231,-238,-245,-564,-556,-554,-456,-510,-509,-607,-589,-591,-579]} 1. e4 e5 2. Nf3 Nc6 3. Bb5 Nf6 4. d3 Bc5 5. Bxc6 dxc6 6. h3 {C65: Ruy Lopez: Berlin Defence (3...Nf6), unusual lines and 4 0-0 Bc5} Bd6 7. Nc3 c5 {LiveBook: 3 Games} 8. Nd2 $146 {White is slightly better.} ({Predecessor:} 8. O-O O-O 9. Nd2 Be6 10. Nc4 Nd7 11. Nxd6 cxd6 12. f4 f5 13. exf5 Rxf5 {1-0 (30) Anand,V (2779)-Topalov,V (2760) Saint Louis 2016}) 8... Be6 9. Nc4 Nd7 10. Be3 Be7 11. O-O O-O 12. b3 Re8 13. Qd2 a6 14. a4 f6 15. f4 exf4 16. Bxf4 Nb8 17. Ne3 (17. Nd5 $14 Bxd5 18. exd5) 17... Nc6 $11 18. Ned5 Bd6 19. Rf2 Ne5 20. a5 b5 21. axb6 cxb6 22. Ne3 b5 23. Ncd5 a5 24. c4 a4 ({Better is} 24... b4 $15) 25. bxa4 (25. cxb5 $11 axb3 26. Rb1) 25... bxa4 26. Qd1 Bd7 27. Nf5 Bf8 28. Bg3 {Threatening Nh6+!} Ra6 29. Rb2 g6 30. Nfe3 f5 31. exf5 {f6 is the strong threat.} gxf5 32. Kh1 Bg7 {White must now prevent ...Ng4.} 33. Rb7 $2 {[#]} (33. Raa2 $1 $11) 33... Ng6 $1 $19 {Hoping for ...f4.} 34. Bf2 Bd4 (34... f4 $19 35. Ng4 h5) 35. Ra2 $17 Bc6 36. Rb1 Qg5 ({Black should try} 36... Bxe3 $17 37. Nxe3 Nf4) 37. Qf3 (37. Qg1 $11) 37... f4 38. Ng4 {Strongly threatening Bxd4.} h5 $1 $36 {[%cal Rh5g4][%mdl 2048] Black has good play.} 39. Nh2 Bxd5 (39... Be3 $5) 40. cxd5 Bxf2 41. Rxf2 $2 {[#]} (41. Qxf2 $11 {and White has nothing to worry.} Qxd5 42. Ra3) 41... Re3 $1 $19 {[%cal Re3f3]} 42. Qd1 Qxd5 43. d4 a3 {[%cal Ba4a3,Ba3a2][%mdl 32]} 44. Qf1 c4 45. Nf3 Ne7 {[%cal Bg6e7,Be7f5,Bf5e3][%mdl 32]} 46. Ne5 Nf5 47. Qxc4 $2 (47. Kh2 {was the crucial defense.} a2 48. Ra1 Nxd4 49. Nxc4) 47... Qxc4 {Black is clearly winning.} 48. Nxc4 a2 49. Ra1 Rb3 50. Nd2 Rb2 51. Rxf4 Ne3 {Precision: White = 31%, Black = 57%.} 0-1

[Event "KAZ-ch 2018"]
[Site "Almaty"]
[Date "2018.04.30"]
[Round "11"]
[White "Saiyn, Zhanat"]
[Black "Agmanov, Zhandos"]
[Result "1/2-1/2"]
[WhiteElo "2377"]
[BlackElo "2360"]
[Annotator "TA"]
[PlyCount "22"]
[EventDate "2018.??.??"]
[EventType "tourn"]
[EventCountry "KAZ"]
[SourceTitle "playchess.com"]
[Source "ChessBase"]
[SourceQuality "1"]

{[%evp 18,22,0,-2,0,0,0]} 1. d4 Nf6 2. g3 e6 3. Bg2 d5 4. Nf3 c5 5. O-O cxd4 6. Nxd4 e5 7. Nb3 Be6 8. c4 {D02: 1 d4 d5 2 Nf3 sidelines, including 2...Nf6 3 g3 and 2...Nf6 3 Bf4} (8. Bg5 Nbd7 9. e4 dxe4 10. Bxe4 Qc7 11. Bg2 Be7 12. Nc3 O-O 13. Re1 Rad8 14. Qe2 h6 15. Bxf6 Bxf6 {½-½ (107) Caruana,F (2802)-Nakamura,H (2786) chess.com INT 2017}) 8... Nc6 9. cxd5 Nxd5 10. Bd2 {LiveBook: 10 Games} Rc8 $146 ({Predecessor:} 10... Be7 11. Nc3 Nxc3 12. Bxc3 f6 13. Qc1 O-O 14. Rd1 Qb6 15. Bd5 Bxd5 16. Rxd5 {½-½ (45) Adly,A (2637)-Halkias,S (2571) Riadh 2017}) 11. Nc3 Be7 1/2-1/2

[Event "KAZ-ch 2018"]
[Site "Almaty"]
[Date "2018.04.30"]
[Round "11"]
[White "Nogerbek, Kazybek"]
[Black "Kazakov, Konstantin"]
[Result "1-0"]
[WhiteElo "2323"]
[BlackElo "2410"]
[Annotator "TA"]
[PlyCount "129"]
[EventDate "2018.??.??"]
[EventType "tourn"]
[EventCountry "KAZ"]
[SourceTitle "playchess.com"]
[Source "ChessBase"]
[SourceQuality "1"]

{[%evp 23,129,7,0,-28,-33,-53,66,20,147,-44,-49,-47,-40,-41,-46,-53,0,0,0,0,0,0,0,-4,0,-71,-86,-122,-103,-124,-50,-70,-68,-97,-101,-159,-110,-123,-106,-137,-118,-122,-75,-66,-70,-122,289,290,284,268,288,286,291,291,286,282,253,264,320,309,338,324,308,297,296,297,292,291,289,282,269,256,438,497,493,493,449,361,573,573,718,655,1001,993,1349,1318,7626,7144,12838,5716,29962,29962,29961,29963,29959,29961,29954,5736,29974,29974,29975,29975,29979,29980,29979,29980,29980,29981]} 1. e4 e5 2. Nf3 Nc6 3. Bb5 a6 4. Ba4 Nf6 5. O-O Be7 6. Re1 b5 7. Bb3 O-O 8. h3 Bb7 9. c3 d5 10. exd5 Nxd5 11. d3 Qd6 {C88: Closed Ruy Lopez: Anti-Marshall Systems} 12. Nbd2 {[%cal Bb1d2,Bd2e4,Be4g5,Bg5e6][%mdl 32]} Rad8 {LiveBook: 3 Games} 13. d4 $146 {[%cal Rf3e5]} ({Predecessor:} 13. Ne4 Qd7 14. a4 Kh8 15. axb5 axb5 16. d4 exd4 17. cxd4 f6 18. Nc3 Ncb4 19. Qe2 {1-0 (36) Kamsky,G (2705)-Bacrot,E (2709) Elista 2007}) 13... Qg6 {aiming for ...Nf4.Black has an edge.} 14. Ne4 Kh8 (14... exd4 $15 15. cxd4 Na5) 15. Neg5 f5 (15... Bxg5 $11 {keeps the balance.} 16. Bxg5 f6) 16. Nh4 $2 (16. dxe5 Nf4 $17) (16. Rxe5 $16 Bxg5 17. Rxd5 (17. Bxd5 Nxe5 18. Nxe5 Qb6 $16) 17... Bxc1 18. Rxc1) 16... Qe8 $15 17. Nhf3 e4 18. Ne6 {Threatens to win with Bxd5.} exf3 19. Qxf3 Qd7 20. Nxf8 Bxf8 21. Bg5 $1 {Bxd5 is the strong threat.} Nce7 22. Re5 Rb8 23. Rae1 Nf6 24. Qe2 (24. Be6 $11 Qe8 25. Qe3) 24... Ned5 $1 $17 25. Bc2 g6 26. a4 Bc6 (26... Bd6 $17 27. Bxf6+ Nxf6 28. axb5 axb5 29. Rxb5 Re8 30. Qxe8+ Nxe8 31. Rxb7 Qc8) 27. axb5 axb5 28. Qd2 Bd6 29. R5e2 (29. b3 $142) 29... Qf7 30. Qc1 Rf8 31. Bh6 Rg8 32. Bg5 Bd7 33. Bb3 c6 34. f3 ({Better is} 34. Bxf6+ $15 Qxf6 35. Bxd5 cxd5 36. Qa1) 34... Bg3 $2 {[%mdl 8192] [#]} (34... Ra8 $17 35. Qd2 Qf8) 35. Re7 $1 $18 {[%cal Re7f7,Be2e7,Be7d7,Bd7d6][%mdl 544]} Qf8 (35... Nxe7 36. Bxf7) 36. Bxd5 $1 Nxd5 37. Rxd7 Bxe1 38. Qxe1 {And now Qe5+ would win.} Qe8 39. Qe5+ Qxe5 40. dxe5 {[%mdl 4096] Endgame KRB-KRN} Re8 41. f4 Kg8 42. Rd6 Rc8 43. e6 Kf8 44. Kf2 h6 {[#]} 45. e7+ $1 {[%mdl 512]} Nxe7 46. Bxe7+ ({Resist} 46. Bxh6+ $6 Kf7 $18) 46... Kxe7 47. Rxg6 {KR-KR} Ra8 $2 (47... Kd7 48. Rg7+ (48. Rxh6 Ra8 $18) 48... Ke6) 48. Rxc6 Ra2 49. Rxh6 Rxb2+ 50. Kg3 Rc2 (50... Kf7 $142 51. Rb6 Ke7) 51. Rb6 $1 Rxc3+ 52. Kh4 Rb3 53. g4 b4 54. g5 Rf3 55. Rxb4 Kf7 56. Rb7+ Kg6 57. Rb6+ Kg7 58. Rf6 Rxf4+ 59. Kh5 Rf1 60. Ra6 f4 61. Ra7+ {White mates.} Kf8 62. g6 {[%cal Bg5g6,Bg6g7][%mdl 32]} Rh1 63. g7+ Kg8 {[#]} 64. Kg6 $1 {[%cal Ra7a8]} Rg1+ {[#]} 65. Kh6 $1 {Precision: White = 69%, Black = 38%.} 1-0